| 000 | 00946nam a2200241 a 4500 | ||
|---|---|---|---|
| 001 | 62768 | ||
| 003 | BD-RjUL | ||
| 005 | 20211209081124.0 | ||
| 008 | 170125s1953 ii a|||| b||| 00| 0 ben d | ||
| 020 | _c: Tk. 3.00 | ||
| 035 | _a(BD-RjUL)62895 | ||
| 040 |
_aBD-RjUL _bben _cBD-RjUL |
||
| 041 | _aben | ||
| 082 |
_223 _a780.954 _bMIB 1953 |
||
| 100 | 1 |
_aমিত্র, রাজ্যেশ্বর _9176612 |
|
| 245 | 1 | 0 |
_aবাংলার সঙ্গীত : _bপ্রাচীন যুগ / _cরাজ্যেশ্বর মিত্র |
| 260 |
_aকলিকাতা : _bটি. কে. ব্যানার্জি এণ্ড কোং, _c১৯৫৩ |
||
| 300 |
_a[১০], ১১৮ পৃ. : _bচিত্র ; _c১৯ সেমি. |
||
| 504 | _aগ্রন্থপঞ্জি সংযুক্ত | ||
| 650 |
_aসঙ্গীত _zভারত _9183299 |
||
| 650 |
_aMusic _zIndia _9186569 |
||
| 942 |
_2ddc _cBK |
||
| 999 |
_c62768 _d62768 |
||